zpět

Detail výsledku týmu

Jazz Tibet Club, Olomouc

Datum a čas kvízu

33 Celkem bodů Celkový počet nahraných bodů na tomto kvízu bez doplňovacích otázek.
9. Pořadí na kvízu Konečné umístění týmu na tomto kvízu.

Zaznamenané odpovědi

# Otázka Odpověď Body Výsledky
1. Na politickou scénu se vracejí... Taťána Malá; spravedlnost 0
2. K půlročnímu vězení odsoudil n... líbali se 0
3. Minulý týden proběhl pařížský... Heidi Klum 0
4. Francouzská státní společnost... croissant 0
5. Hokejová extraliga zažila v mi... HC Sparta Praha, HC Dynamo Pardubice 1
6. Rozdělení Římské říše mezi Hon... na konci 4. století 1
7. Ve 14. století Evropu sevřela... D 1
8. Podepsání Mnichovské dohody by... appeasement (politika appeasementu) 1
9. Jak se jednoslovně nazývá tent... Watergate 1
10. Jak moc velkou chybou byl či n... A 0